The revolt of the earth / (Record no. 41847)

MARC details
000 -LEADER
fixed length control field 00787nam a22002297a 4500
005 - DATE AND TIME OF LATEST TRANSACTION
control field 2010081402022.0
010 ## - LCCN (DPL NO)
LC control number ENG-100251
020 ## - INTERNATIONAL STANDARD BOOK NUMBER
International Standard Book Number 9788188893324
Terms of availability 130.00
035 ## - SYSTEM CONTROL NUMBER
System control number EN-83783
037 ## - SOURCE OF ACQUISITION
Source of stock number/acquisition DBAD/PUB
082 ## - DEWEY DECIMAL CLASSIFICATION NUMBER
Classification number 181.4
100 ## - MAIN ENTRY--PERSONAL NAME
Personal name Satprem
245 ## - TITLE STATEMENT
Title The revolt of the earth /
Statement of responsibility, etc by Satprem
250 ## - EDITION STATEMENT
Edition statement 3rd rev. ed.
260 ## - PUBLICATION, DISTRIBUTION, ETC. (IMPRINT)
Place of publication, distribution, etc Mysore
Name of publisher, distributor, etc Meera Aditi Centre
Date of publication, distribution, etc 2009
270 ## - ADDRESS
Address 22, Jayalakshmi Devi College Road, 'I' Block, Ramakrishna Nagar
City Mysore
Postal code 570022
300 ## - PHYSICAL DESCRIPTION
Extent 95p.
Dimensions 20cm (pbk)
650 ## - SUBJECT ADDED ENTRY--TOPICAL TERM
Topical term or geographic name as entry element Satprem
650 ## - SUBJECT ADDED ENTRY--TOPICAL TERM
Topical term or geographic name as entry element Evolution (Biology)
942 ## - ADDED ENTRY ELEMENTS (KOHA)
Source of classification or shelving scheme Dewey Decimal Classification
Item type English Books
Classification part 181.4
Call number suffix SAT
Holdings
Withdrawn status Lost status Not for loan Collection code Home library Current library Date acquired Source of acquisition Cost, normal purchase price Full call number Barcode Copy number Cost, replacement price Koha item type
    Not For Loan Non-fiction D.B.Act.Division D.B.Act.Division 14/08/2010 DBAD/PUB 130.00 181.4 SAT EN-83783 1 130.00 English Books

© Delhi Public Library
Hit Counter
free hit counter